[Event "GRE-ch North U08/14"]
[Site "Thessaloniki"]
[Date "2020.09.01"]
[Round "9"]
[White "Sioulas, Stylianos"]
[Black "Koptsis, Nikolaos"]
[Result "1-0"]
[WhiteElo "1277"]
[BlackElo "1066"]
[PlyCount "95"]
[EventDate "2020.08.26"]
[EventType "swiss"]
[EventRounds "9"]
[EventCountry "GRE"]
[SourceTitle "EXT 2023"]
[Source "ChessBase"]
[SourceDate "2022.10.05"]
[SourceVersion "1"]
[SourceVersionDate "2022.10.05"]
[SourceQuality "1"]

1. e4 c6 2. d4 d5 3. exd5 cxd5 4. Bd3 Nc6 5. c3 Nf6 6. Bf4 e6 7. Nf3 Bd6 8. Bxd6 Qxd6 9. 0-0 0-0 10. Re1 Bd7 11. Ne5 Qc7 12. f4 Qb6 13. Qe2 Rad8 14. Na3 Bc8 15. Qc2 g6 16. Re3 Nd7 17. Rf1 Ndxe5 18. fxe5 Rd7 19. Rf6 a6 20. Qd2 Rc7 21. Bb1 Kg7 22. Kf1 Ne7 23. Rh3 Ng8 24. Qf2 Rd7 25. Qh4 h5 26. Qf2 Qd8 27. Rff3 Nh6 28. Kg1 Qg5 29. Qf1 Rdd8 30. Rhg3 Qe7 31. Bd3 b5 32. Rf2 Ng4 33. Re2 Qh4 34. Rh3 Qe7 35. Re1 b4 36. Nb1 bxc3 37. bxc3 Qa7 38. Be2 Nxe5 39. Bxh5 Nc6 40. Rg3 Rh8 41. Bd1 Ne7 42. Bc2 Qb8 43. Qf2 a5 44. Rf1 Rdf8 45. Qf6+ Kg8 46. Bxg6 Nxg6 47. Rxg6+ fxg6 48. Qxg6# 1-0

[Event "GRE-ch North U08/14"]
[Site "Thessaloniki"]
[Date "2020.08.27"]
[Round "3"]
[White "Tzovani, Dimitra"]
[Black "Koptsis, Nikolaos"]
[Result "1-0"]
[WhiteElo "1172"]
[BlackElo "1066"]
[PlyCount "67"]
[EventDate "2020.08.26"]
[EventType "swiss"]
[EventRounds "9"]
[EventCountry "GRE"]
[SourceTitle "EXT 2023"]
[Source "ChessBase"]
[SourceDate "2022.10.05"]
[SourceVersion "1"]
[SourceVersionDate "2022.10.05"]
[SourceQuality "1"]

1. Nf3 d5 2. g3 Nf6 3. Bg2 Nc6 4. d4 Bf5 5. 0-0 e6 6. c4 b6 7. Ne5 Nb4 8. Qa4+ Nd7 9. Nc6 Nxc6 10. Qxc6 Rc8 11. cxd5 Be7 12. dxe6 Bxe6 13. Bf4 0-0 14. e4 Nb8 15. Qa4 Bd7 16. Qc4 a6 17. Rc1 Bb5 18. Qc3 Nc6 19. d5 Bf6 20. e5 Nxe5 21. Bxe5 Bxe5 22. Qxe5 Re8 23. Qd4 c5 24. Qf4 Re2 25. Nc3 Rxb2 26. Nxb5 Rxb5 27. Rab1 Ra5 28. a4 c4 29. Rxc4 Rxc4 30. Qxc4 Qd7 31. Qc6 Qe7 32. Qa8+ Qf8 33. Qxf8+ Kxf8 34. Rxb6 1-0

[Event "Thessaloniki-Chalkidiki-chT B local"]
[Site "Thessaloniki"]
[Date "2019.03.03"]
[Round "7.7"]
[White "Mastrakoulis, Simeon"]
[Black "Koptsis, Nikolaos"]
[Result "1-0"]
[WhiteElo "1597"]
[BlackElo "1011"]
[PlyCount "67"]
[EventDate "2019.01.13"]
[EventType "team-swiss"]
[EventRounds "9"]
[EventCountry "GRE"]
[SourceTitle "EXT 2020"]
[Source "ChessBase"]
[SourceDate "2019.10.17"]
[SourceVersion "1"]
[SourceVersionDate "2019.10.17"]
[SourceQuality "1"]

1. d4 d6 2. c4 Nf6 3. Nc3 g6 4. e4 Bg7 5. Nf3 Nbd7 6. Be2 0-0 7. 0-0 b6 8. Qc2 Bb7 9. Be3 c5 10. d5 Re8 11. a3 Qc7 12. Rab1 Rac8 13. Nd2 Qb8 14. f4 Qa8 15. Nf3 e6 16. Bf2 Nh5 17. Nb5 Qb8 18. f5 a6 19. Nc3 Bxc3 20. bxc3 exf5 21. exf5 Nf4 22. Bd3 Qc7 23. Bg3 Nh5 24. fxg6 hxg6 25. Bxg6 Nxg3 26. Bxf7+ Kf8 27. hxg3 Re7 28. Be6 Ke8 29. Qg6+ Kd8 30. Ng5 Qb8 31. Bxd7 Kxd7 32. Rxb6 Rg8 33. Rxb7+ Qxb7 34. Qxg8 1-0

[Event "Thessaloniki White Tower op-C 41th"]
[Site "Thessaloniki"]
[Date "2019.01.07"]
[Round "6.4"]
[White "Petridis, Dimitrios Panagioti"]
[Black "Koptsis, Nikolaos"]
[Result "0-1"]
[WhiteElo "1220"]
[BlackElo "1011"]
[PlyCount "160"]
[EventDate "2019.01.02"]
[EventType "swiss"]
[EventRounds "6"]
[EventCountry "GRE"]
[SourceTitle "EXT 2024"]
[Source "ChessBase"]
[SourceDate "2023.10.10"]
[SourceVersion "1"]
[SourceVersionDate "2023.10.10"]
[SourceQuality "1"]

1. e4 c6 2. d4 d5 3. e5 c5 4. c3 Nc6 5. h3 Bf5 6. Nf3 e6 7. Be3 cxd4 8. Bxd4 Nge7 9. Bb5 Be4 10. Nbd2 Bf5 11. 0-0 a6 12. Ba4 b5 13. Bc2 g6 14. Nb3 a5 15. Nc5 Bg7 16. Nb7 Bxc2 17. Qxc2 Qc7 18. Nd6+ Kf8 19. Qe2 Nxd4 20. cxd4 b4 21. Rac1 Qb6 22. Rfd1 Bh6 23. Rc2 Kg7 24. Qb5 Nc8 25. Qxb6 Nxb6 26. g4 Bf4 27. Rc7 Rhf8 28. a3 Nc8 29. Nb5 bxa3 30. bxa3 Nb6 31. Nc3 Kg8 32. Ne2 Bh6 33. g5 Bg7 34. Nd2 Rfc8 35. Rdc1 Bf8 36. Rxc8 Rxc8 37. Rxc8 Nxc8 38. Nb3 a4 39. Nc5 Na7 40. Nc3 Nc6 41. Nb5 Nxd4 42. Nxd4 Bxc5 43. Nb5 d4 44. Kf1 d3 45. Ke1 d2+ 46. Kxd2 Bxf2 47. Nc3 Bh4 48. Ne4 h6 49. gxh6 Be7 50. Nf6+ Kh8 51. h4 Bxa3 52. Kc3 Be7 53. Ne4 Bxh4 54. Kb4 Kh7 55. Nd6 f6 56. exf6 Bxf6 57. Kxa4 Kxh6 58. Kb3 Kg5 59. Kc2 Kf4 60. Kd1 g5 61. Nc4 g4 62. Ke2 Kg3 63. Nd2 Bd4 64. Kf1 Kh2 65. Ke2 e5 66. Kd3 g3 67. Nf3+ Kh1 68. Ke4 g2 69. Kd3 g1Q 70. Nxg1 Kxg1 71. Ke4 Kf2 72. Kd3 Kf3 73. Kd2 e4 74. Ke1 e3 75. Kd1 e2+ 76. Kc2 e1Q 77. Kb3 Qc3+ 78. Ka4 Qb2 79. Ka5 Qb3 80. Ka6 Qb6# 0-1